000
00212 a2200097 4500
001
894
100
_a
Tucker,W.J
245
_a
Plastic for electrical & radio engg
260
_a
_b
Tech press
_c
090
_c
484
_d
484
942
_a
NUST-CAE
_c
M
_c
31200
999
_c
235967
_d
235967